Образовательный симулятор бизнес-деятельности "Мастер Бизнес"; Ресурсоэффективным технологиям - энергию и энтузиазм молодых

Bibliografische gegevens
Parent link:Ресурсоэффективным технологиям - энергию и энтузиазм молодых.— 2015.— [С. 425-432]
Hoofdauteur: Николаенко В. С. Валентин Сергеевич
Coauteur: Национальный исследовательский Томский политехнический университет (ТПУ) Институт социально-гуманитарных технологий (ИСГТ) Кафедра менеджмента (МЕН)
Andere auteurs: Гага В. А. Владимир Антонович (научный руководитель)
Samenvatting:Заглавие с титульного экрана
Taal:Russisch
Gepubliceerd in: 2015
Reeks:Инициативные проекты
Onderwerpen:
Online toegang:http://earchive.tpu.ru/handle/11683/19330
http://www.lib.tpu.ru/fulltext/c/2015/C08/126.pdf
Formaat: MixedMaterials Elektronisch Hoofdstuk
KOHA link:https://koha.lib.tpu.ru/cgi-bin/koha/opac-detail.pl?biblionumber=612385

MARC

LEADER 00000naa2a2200000 4500
001 612385
005 20260422124848.0
035 |a (RuTPU)RU\TPU\conf\10507 
035 |a RU\TPU\conf\10504 
090 |a 612385 
100 |a 20150615d2015 k y0rusy50 ca 
101 0 |a rus 
102 |a RU 
135 |a drgn ---uucaa 
181 0 |a i  
182 0 |a b 
200 1 |a Образовательный симулятор бизнес-деятельности "Мастер Бизнес"  |f В. С. Николаенко  |g науч. рук. В. А. Гага 
203 |a Текст  |c электронный 
225 1 |a Инициативные проекты 
300 |a Заглавие с титульного экрана 
320 |a [Библиогр.: с. 432 (8 назв.)] 
337 |a Adobe Reader 
463 1 |0 (RuTPU)RU\TPU\conf\10353  |t Ресурсоэффективным технологиям - энергию и энтузиазм молодых  |o сборник научных трудов VI Всероссийской конференции, г. Томск, 22-24 апреля 2015 г.  |f Национальный исследовательский Томский политехнический университет (ТПУ)   |v [С. 425-432]  |d 2015 
610 1 |a труды учёных ТПУ 
610 1 |a электронный ресурс 
610 1 |a симуляторы 
610 1 |a бизнес-деятельность 
610 1 |a бизнес-среда 
610 1 |a информационные технологии 
610 1 |a компетенции 
700 1 |a Николаенко  |b В. С.  |c экономист  |c ассистент кафедры Томского политехнического университета  |g Валентин Сергеевич  |3 (RuTPU)RU\TPU\pers\31558  |9 15718 
702 1 |a Гага  |b В. А.  |c директор Высшей школы бизнеса ТГУ  |f 1939-  |g Владимир Антонович  |4 727 
712 0 2 |a Национальный исследовательский Томский политехнический университет (ТПУ)  |b Институт социально-гуманитарных технологий (ИСГТ)  |b Кафедра менеджмента (МЕН)  |3 (RuTPU)RU\TPU\col\18855 
801 2 |a RU  |b 63413507  |c 20210119  |g RCR 
856 4 |u http://earchive.tpu.ru/handle/11683/19330 
856 4 |u http://www.lib.tpu.ru/fulltext/c/2015/C08/126.pdf 
942 |c BK